Southville International School and Colleges
Your cart is empty.
  • Cart
  • Lists
    Public lists Eva Luna New books Lux_list list_1
    Your lists Log in to create your own lists
  • Log in to your account
  • Your cookies
  • Search history
Southville International School and Colleges
  • Advanced search
  • Recent comments
  • Most popular
  • Libraries

Log in to your account

Log in with GOOGLE


If you do not have an external account, but do have a local account, you can still log in:

  1. Home
  2. MARC view: The bus people /
Normal view MARC view ISBD view

The bus people / (Record no. 7773)

[ view plain ]
MARC details
000 -LEADER
fixed length control field 00633nam a22002297a 4500
003 - CONTROL NUMBER IDENTIFIER
control field OSt
005 - DATE AND TIME OF LATEST TRANSACTION
control field 20140310181946.0
008 - FIXED-LENGTH DATA ELEMENTS--GENERAL INFORMATION
fixed length control field 130725t xxu||||| |||| 00| 0 eng d
020 ## - INTERNATIONAL STANDARD BOOK NUMBER
International Standard Book Number 0805042504
050 ## - LIBRARY OF CONGRESS CALL NUMBER
Classification number PZ 7
Item number .An5489 1992
082 ## - DEWEY DECIMAL CLASSIFICATION NUMBER
Classification number KF An2b
Item number 1989
100 ## - MAIN ENTRY--PERSONAL NAME
Personal name Anderson, Rachel
9 (RLIN) 3888
245 ## - TITLE STATEMENT
Title The bus people /
Statement of responsibility, etc Rachel Anderson.
260 ## - PUBLICATION, DISTRIBUTION, ETC. (IMPRINT)
Place of publication, distribution, etc New York :
Name of publisher, distributor, etc Henry Holt and Company,
Date of publication, distribution, etc c1992.
300 ## - PHYSICAL DESCRIPTION
Extent 102 p ;
Dimensions 21 cm.
541 ## - IMMEDIATE SOURCE OF ACQUISITION NOTE
-- 1
562 ## - COPY AND VERSION IDENTIFICATION NOTE
Number of copies 1
650 ## - SUBJECT ADDED ENTRY--TOPICAL TERM
Topical term or geographic name as entry element Handicapped--Fiction
9 (RLIN) 3889
650 ## - SUBJECT ADDED ENTRY--TOPICAL TERM
Topical term or geographic name as entry element School buses--Fiction
9 (RLIN) 3890
650 ## - SUBJECT ADDED ENTRY--TOPICAL TERM
Topical term or geographic name as entry element England--Fiction
942 ## - ADDED ENTRY ELEMENTS (KOHA)
Source of classification or shelving scheme Library of Congress Classification
Koha item type
Call number prefix
Holdings
Withdrawn status Lost status Source of classification or shelving scheme Damaged status Home library Current library Shelving location Date acquired Total Checkouts Full call number Barcode Date last seen Copy number Price effective from Koha item type
    Library of Congress Classification   Luxembourg Library Luxembourg Library Kids Fiction Section 07/25/2013   PZ 7 .An548 1992 5816 05/27/2015 1 10/03/2013 Books

The bus people /

APA

Anderson R., . (1992). The bus people. New York: Henry Holt and Company.

Chicago

Anderson Rachel, . 1992. The bus people. New York: Henry Holt and Company.

Harvard

Anderson R., . (1992). The bus people. New York: Henry Holt and Company.

MLA

Anderson Rachel, . The bus people. New York: Henry Holt and Company. 1992.

  • Place hold
  • Print
  • Cite
  • Add to your cart (remove)
  • Save record
    BIBTEX Dublin Core MARCXML MARC (non-Unicode/MARC-8) MARC (Unicode/UTF-8) MARC (Unicode/UTF-8, Standard) MODS (XML) RIS
  • More searches
    Search for this title in:
    Other Libraries (WorldCat) Other Databases (Google Scholar) Online Stores (Bookfinder.com) Open Library (openlibrary.org)

Exporting to Dublin Core...

SOUTHVILLE LIBRARY

Southville International School and Colleges Library

1281 Tropical Ave. Cor. Luxembourg St., BF Homes International, Las Pinas City

Tel. No. 8256374 / 252358 Loc. 117/146

Powered by Koha